| 000 | 02053cam a2200433 i 4500 | ||
|---|---|---|---|
| 001 | 1445836701 | ||
| 003 | OCoLC | ||
| 005 | 20250702152312.0 | ||
| 007 | t| | ||
| 008 | 240710t20252025mnua j 001 0 eng | ||
| 010 | _a2024031640 | ||
| 020 |
_a9798892136631 _qhardcover |
||
| 020 |
_a9798892136648 _qpaperback |
||
| 035 | _a(OCoLC)1445836701 | ||
| 040 |
_aDLC _beng _erda _cDLC _dOCLCO |
||
| 042 | _apcc | ||
| 050 | 0 | 0 |
_aGV837.6 _b.C42 2025 |
| 082 | 0 | 0 |
_a797.2/109 _223/eng20240710 |
| 092 | 0 |
_achildren nonfiction _bCatena |
|
| 100 | 1 |
_aCatena, Melissa _eauthor _4aut _4http://id.loc.gov/vocabulary/relators/aut _96543473 |
|
| 245 | 1 | 0 |
_aWater safety / _cby Melissa Catena. |
| 264 | 1 |
_aMinneapolis, MN : _bBullfrog Books, _c2025. |
|
| 264 | 4 | _c©2025. | |
| 300 |
_a24 pages : _bIllustrations ; _c21 cm. |
||
| 336 | _atext | ||
| 337 | _aunmediated | ||
| 338 | _avolume | ||
| 490 | 0 | _aStaying safe. | |
| 500 | _aIncludes index. | ||
| 500 | _aIllustrations. | ||
| 505 | 0 | _aMaking a splash! -- Let's review -- Picture glossary. | |
| 520 | _a"How do you stay safe around water? In Water Safety, beginning readers will learn how to behave in pools and lakes, why life jackets are important, and more. Vibrant, full-color photos and carefully leveled text engage young readers as they learn about water safety. Children can learn more about water safety online using our safe search engine that provides relevant, age-appropriate websites. Water Safety also features reading tips for teachers and parents, a table of contents, and an index. Water Safety is part of Jump's Staying Safe series"-- Provided by publisher. | ||
| 521 |
_aAges 5-8 _bJump!, Inc. |
||
| 650 | 0 |
_aSwimming _vJuvenile literature. _95698727 |
|
| 650 | 0 |
_aAquatic sports _xSafety measures _vJuvenile literature. _96515616 |
|
| 655 | 7 |
_aNonfiction. _2local. _95714151 |
|
| 776 | 0 | 8 |
_iOnline version _aCatena, Melissa _tWater safety _dMinneapolis, MN: Bullfrog Books, 2025 _w(DLC) 2024031641 _z9798892136655. |
| 942 |
_2ddc _cBOOK |
||
| 999 |
_c409586 _d409586 |
||